000
00216 a2200097 4500
001
29772
100
_a
Fussell W F J
245
_a
Measurement of engineering services
260
_a
_b
Spon
_c
090
_c
19789
_d
19789
942
_a
NUST-CAE
_c
M
_c
10878
999
_c
264845
_d
264845